| 000 | 00869nas a2200289 4500 | ||
|---|---|---|---|
| 001 | BR0204678 | ||
| 003 | BR-BrBNA | ||
| 005 | 20231205103233.0 | ||
| 007 | ta | ||
| 008 | 230509b bl.|||p| |||| 00| 00por d | ||
| 040 |
_aBR-BrBNA _bpor _cBiblioteca Nacional de Agricultura |
||
| 041 | _a(Pt) | ||
| 072 | _aK50 | ||
| 100 | 1 | _aMoura, A.M. de | |
| 100 | 1 | _aFoelkel, C.E.B. | |
| 100 | 1 | _aFrizzo, S.M.B. | |
| 245 | 1 | _aCaracterização de compostos reduzidos de enxofre gerados na produção de celulose kraft e pré-hidrólise kraft | |
| 650 | _aCELULOSE | ||
| 650 | _aPAPEL | ||
| 650 | _aENXOFRE | ||
| 650 | _aPROCESSAMENTO | ||
| 650 | _aINDÚSTRIA FLORESTAL | ||
| 650 | _aHIDRÓLISE | ||
| 773 | 0 |
_tCiência Florestal (Brazil) _xISSN 0103-9954 _g(Jun 2002), v. 12(1) p. 49-58 _wBR0204678 |
|
| 909 |
_a202311 _bLúcia _c55 _dLúcia Elande |
||
| 942 |
_2AGRIS _n0 _cANA |
||
| 999 |
_c171814 _d171814 |
||